000 00296nam a22001217a 4500
999 _c164137
_d164137
082 _a
_b
100 _aMichael Parkin
245 _aTheories of literature in the twentieth century/
_cby Michael Parkin.
260 _aNew Delhi:
_bOrient,
_c1975.
300 _a220p.
650 _a
942 _cBK